000 00593nam a2200229Ia 4500
008 160803s9999 xx 000 0 und d
020 _a9780531166857
100 _aSpangenburg, Ray, 1939-
245 4 _aThe life and death of stars /
245 _cRay Spangenburg and Kit Moser.
260 _aNew York :
260 _bScholastic Inc.
260 _c2003
300 _a108 pages :
300 _billustration (some color) ;
300 _c23 cm.
440 _aOut of this world.
650 _aStars -- J
650 _aStars.
650 _xuvenile literature.
700 _a1190
999 _c298315
_d298315